Language Quiz

Random Language or Letter Quiz

Five Letter Words Ending in -ack Quiz Stats

Quiz Updated Nov 23, 2014

Also try: Ends in 'GUE'
Challenge
Share
Tweet
Embed
Score 0/18 Timer 02:00
3 Plays Today
Answer % Correct
Black
89.8%
Track
86.5%
Crack
84.4%
Slack
81.9%
Stack
79%
Clack
75.6%
Smack
73.8%
Flack
71%
Quack
67.7%
Answer % Correct
Snack
67.5%
Shack
63.5%
Plack
53.3%
Wrack
51.5%
Whack
50.7%
Aback
36.5%
Alack
33.6%
Knack
32.8%
Kyack
1.5%

You're not logged in!

Compare scores with friends on all Sporcle quizzes.
Sign Up with Email
OR
Log In

You Might Also Like...

Show Comments

Extras

Top Quizzes Today


Score Distribution

Your Account Isn't Verified!

In order to create a playlist on Sporcle, you need to verify the email address you used during registration. Go to your Sporcle Settings to finish the process.